00341nam a2200145Ia 4500008004000000041000800040082001200048100001700060245002300077260004500100650001300145650000900158650000900167700001900176210210b1958 xxu||||| |||| 00| 0 eng d aeng a828/574 aSHULTZ (G D) aLady from savannah aNew YorkbJ B Lippincott Company.,c1958 asavannah aLady afrom aLAWRENCE (D G)